000 00472nam a2200169Ia 4500
003 GCL
008 140319s9999 xx 000 0 ara d
040 _aGCL /
_cGCL
082 0 4 _aد
_b050
100 1 _aانيس منصور
245 1 0 _aنحن اولاد الفجر (اقرا 481 ) /
_cانيس منصور
300 _a250
490 _aاقرأ
_v0
650 0 4 _aالادب العربى - مقالات
650 0 4 _aالمقالات الادبية
942 _2ddc
_cBK
999 _c48916
_d48916